000 00567nam a2200217Ia 4500
003 OSt
005 20220928144728.0
006 a|||||r|||| 00| 0
007 ta
008 220927b |||||||| |||| 00| 0 eng d
024 _a73339
037 _cTextual
040 _aSDCL
_cSDCL
_beng
041 _2eng
_aeng
082 _aX9W:8N9.2'N8, M9
100 _aChadda Somesh
_9509312
245 0 _aParticipative management in public enterprises.
260 _c1989
942 _hX9W:8N9.2'N8, M9
_cTEXL
_2CC
999 _c829242
_d829242